• 首页
  • 本馆介绍
  • 公告通知
  • 最新文献
  • 馆藏检索
  • 电子资源
  • 读者导购
  • 参考咨询
  • 我的图书馆
  • 登录
  • 详细信息显示
  • 放入我的书架
  • 预约/预借图书
  • 作者相关作品
  • 分类相关作品
  • 丛书相关作品
  • 出版社相关作品

书目信息

  • 表格格式
  • 工作单格式
  • 卡片格式
题名:
开皇盛世杨坚
    
 
作者: 水木年华 编著
分册:  
出版信息: 郑州   郑州大学出版社  2018
页数: 257页
开本: 24cm
丛书名: “开国帝王”系列
单 册:
中图分类: K827=41 , K827.41
科图分类:
主题词: 皇帝--huang di--评传--中国--隋代
电子资源:
ISBN: 978-7-5645-5288-6
000 01022nam 2200289 450
001 012001008010
005 20131021173245.0
010    @a978-7-5645-5288-6@dCNY48.00
099    @aCAL 012018104190
100    @a20180090d2018 em y0chiy50 ea
101 0  @achi
102    @aCN@b410000
105    @aa z 000yd
106    @ar
200 1  @a开皇盛世杨坚@Akai huang sheng shi yang jian@f水木年华编著
210    @a郑州@c郑州大学出版社@d2018
215    @a257页@c图@d24cm
225 2  @a“开国帝王”系列@A“kai guo di wang ”xi lie
330    @a本书分父祖之荫、开运征程、建章立制、统一中国、勤政固本、绥服四夷、名君暮年、文帝趣话。内容包括: 不凡家世; 权势联姻; 树大招风; 平步青云; 淫乱皇帝; 广交深结; 入宫辅政等。
410  0 @12001 @a“开国帝王”系列
600  0 @a杨坚,@Ayang jian@f541-604@x评传
606 0  @a皇帝@Ahuang di@x评传@y中国@z隋代
690    @aK827=41@v5
690    @aK827.41@v5
701  0 @a水木年华@Ashui mu nian hua@4编著
801  0 @aCN@b上海新华@c20191020
905    @b1177734-7@dK827=41@e895@f4
    
    开皇盛世杨坚/水木年华编著.-郑州:郑州大学出版社,2018
    257页:图;24cm.-(“开国帝王”系列)
    
    
    ISBN 978-7-5645-5288-6:CNY48.00
    本书分父祖之荫、开运征程、建章立制、统一中国、勤政固本、绥服四夷、名君暮年、文帝趣话。内容包括: 不凡家世; 权势联姻; 树大招风; 平步青云; 淫乱皇帝; 广交深结; 入宫辅政等。
●
相关链接 在E读中查询图书 在五车中查询图书 在当当中查询图书 在豆瓣中查询图书


正题名:开皇盛世杨坚     索取号:K827=41/895         预约/预借

序号 登录号 条形码 馆藏地/架位号 状态 备注
1 1177734   211777344   第二样本阅览室/ [索取号:K827=41/895] 在馆    
2 1177735   211777353   第二借阅区/ [索取号:K827=41/895] 在馆    
3 1177736   211777362   第二借阅区/ [索取号:K827=41/895] 在馆    
4 1177737   211777371   第二借阅区/ [索取号:K827=41/895] 在馆    
唐山师范学院图书馆 欢迎您!
大连网信软件有限公司© 版权所有